| 000 | 00387nam a2200121Ia 4500 | ||
|---|---|---|---|
| 008 | 160523s9999 xx 000 0 und d | ||
| 100 | _aWallace, George. | ||
| 245 | _aMicrosoft System Center: Extending Operations Manager Reporting | ||
| 245 | _c George Wallace, et al. | ||
| 260 | _c2014 | ||
| 650 | _xInformation Technology. | ||
| 856 | _uhttps://mva.microsoft.com/ebooks#9780735695788 | ||
| 999 |
_c294708 _d294708 |
||